| Tag |
First Indicator |
Second Indicator |
Subfields |
| LEADER |
00000cam a2200000 a 4500 |
| 001 |
in00001099208 |
| 005 |
20150929185416.0 |
| 008 |
921120s1991 enka b 100 0 eng d |
| 035 |
|
|
|a (OCoLC)27004483
|
| 035 |
|
|
|9 AFS5423AM
|
| 040 |
|
|
|a EYE
|c EYE
|d TXA
|d UtOrBLW
|
| 049 |
|
|
|a TXAM
|
| 090 |
|
|
|a TS1772
|b .T48 1991
|
| 111 |
2 |
|
|a Textile Institute Floorcoverings Conference
|d (1991 :
|c Blackpool, England)
|
| 245 |
1 |
0 |
|a TIFCON '91 :
|b carpets, the bottom line : Textile Institute Floorcoverings Conference, 29-30 October 1991 : conference proceedings.
|
| 264 |
|
1 |
|a [Manchester, England] :
|b The Institute,
|c [1991?]
|
| 300 |
|
|
|a 1 volume (various pagings) :
|b illustrations ;
|c 30 cm.
|
| 336 |
|
|
|a text
|b txt
|2 rdacontent
|
| 337 |
|
|
|a unmediated
|b n
|2 rdamedia
|
| 338 |
|
|
|a volume
|b nc
|2 rdacarrier
|
| 500 |
|
|
|a Includes bibliographical references.
|
| 650 |
|
0 |
|a Carpets
|x Congresses.
|
| 650 |
|
0 |
|a Floor coverings
|x Congresses.
|
| 740 |
0 |
|
|a TIFCON ninety-one.
|
| 999 |
|
|
|a MARS
|
| 999 |
f |
f |
|s f7659f5c-f70f-3aee-bf3b-39ed1db12f8e
|i e5b4e877-b231-3797-90f9-e0f1d9cfc570
|t 0
|
| 952 |
f |
f |
|p ric
|a Texas A&M University
|b Rellis Campus
|c Joint Library Facility
|d Remote Storage
|t 0
|e TS1772 .T48 1991
|h Library of Congress classification
|i unmediated -- volume
|m A14816591074
|
| 998 |
f |
f |
|a TS1772 .T48 1991
|t 0
|l Remote Storage
|